000 00465nam a2200169 i 4500
001 37949
003 ES-MaACL
005 20230906155653.0
007 t|
008 030224s1977 sp ||||1| spa d
100 1 _aBurgos, Juan de.
_932655
245 1 0 _aCurso de Algebra y Geometría /
_cJ. de Burgos Román.
250 _a[1ª ed.].
260 _aMadrid :
_bAlhambra,
_c[1977]
300 _aXIV, 829 p. :
_bil. ;
_c24 cm.
852 _aES-MaACL
_jA-7563
_bR.96384
999 _c37949
_d37949